Statistiken für Alle Future Stars und Future Star Icons in EA FC 24

Klicken Sie hier um das Quiz zu spielen!

Allgemein

  • Dieses Quiz wurde 16 mal gespielt
  • Das Durchschnittsergebnis liegt bei 17 aus 66

Antwortstatistiken

RaitingNationSpieler% Korrekt
96FrankreichZidane
82%
94ItalienMaldini
73%
95BrasilienRonaldinho
73%
92BrasilienRivaldo
55%
92BrasilienRoberto Carlos
55%
93BrasilienZico
55%
92ItalienBaggio
45%
91UkraineShevchenko
45%
90ArgentinienGarnacho
36%
91EnglandGerrard
36%
89DänemarkHojlund
36%
90TschechienNedved
36%
86DeutschlandNetz
36%
90FrankreichPetit
36%
91EnglandRooney
36%
90FrankreichZaire-Emery
36%
86DeutschlandBisseck
27%
91ItalienCannavaro
27%
89ArgentinienCrespo
27%
89BelgienDoku
27%
89ItalienGattuso
27%
89TürkeiGüler
27%
91EnglandJames
27%
88EnglandLe Tissier
27%
89DeutschlandMoukoko
27%
89SpanienNico Williams
27%
87EcuadorPacho
27%
91EnglandPalmer
27%
90SpanienPuyol
27%
89NiederlandeRijkaard
27%
90NiederlandeSeedorf
27%
91EnglandSmith
27%
91FrankreichBacha
18%
89SpanienBalde
18%
91EnglandBeckham
18%
90NigeriaBoniface
18%
87DeutschlandBühl
18%
90SpanienClaudia Pina
18%
87FrankreichDiakite
18%
89EnglandElliott
18%
87JapanEndo
18%
91EnglandHemp
18%
86PolenKiwior
18%
87GhanaLamptey
18%
88FrankreichLukeba
18%
87FrankreichMerlin
18%
88USAMusah
18%
88FrankreichOlise
18%
87MarokkoRichardson
18%
87BrasilienSavio
18%
88ItalienUdogie
18%
88NiederlandeZirkzee
18%
87FrankreichBade
9%
86USAGirma
9%
86FrankreichLe Mouel
9%
88EnglandLewis
9%
86FrankreichMagassa
9%
86FrankreichMillot
9%
87SpanienPablo Barrios
9%
88PortugalPedro Neto
9%
86ItalienRicci
9%
88USARodman
9%
89SpanienSalma Paralluelo
9%
87ArgentinienSoule
9%
87IslandVilhjalmsdottir
9%
87SambiaKundananji
0%

Verteilung der Resultate

Perzentil nach korrekt beantworteten Fragen

Anzahl Personen mit jedem Resultat

Ihre Resultats-Entwicklung

Sie haben dieses Quiz noch nicht gespielt